| 000 | 00629cam a2200229 a 4500 | ||
|---|---|---|---|
| 020 | _a0618271910 (pbk.) | ||
| 040 | _cDLC | ||
| 082 | 0 | 0 | _a808 HOU 2004 A092 Or. |
| 100 | 1 | _aFolse, Keith S. | |
| 245 | 1 | 0 |
_aGreat essays : _ban introduction to writing essays / |
| 250 | _a2nd ed. | ||
| 260 |
_aBoston : _bHoughton Mifflin, _cc2004. |
||
| 300 |
_axiv, 202 p. : _bill. ; _c28 cm. |
||
| 500 | _aIncludes index. | ||
| 650 | 0 | _aEnglish language | |
| 650 | 0 | _aEnglish language | |
| 650 | 0 | _aReport writing | |
| 650 | 0 | _aCollege readers. | |
| 700 | 1 | _aMuchmore-Vokoun, April. | |
| 700 | 1 | _aSolomon, Elena Vestri. | |
| 942 | _cEK | ||
| 999 |
_c12342 _d12342 |
||